Berühmte Militärs nach Bild und Nation - 4 - Statistiken

Allgemein
  • Dieses Quiz wurde 67 mal gespielt
  • Das Durchschnittsergebnis liegt bei 4 aus 8
Antwortstatistiken
Bildquiz Hint Antwort % Korrekt
Vereinigtes Königreich Winston Churchill
100%
Deutschland/Tschechien Albrecht von Waldstein
54%
Vereinigtes Königreich Arthur Wellesley
47%
Vereinigte Staaten Robert Edward Lee
47%
Deutschland Erich Ludendorff
46%
Griechenland Leonidas I
42%
Deutschland/Belgien Johann von Tilly
21%
Deutschland Gerhard von Scharnhorst
16%
Keine übereinstimmenden Quizze gefunden
Verteilung der Resultate
Anzahl Personen mit jedem Resultat
Perzentil nach korrekt beantworteten Fragen
Ihre Resultats-Entwicklung
Sie haben dieses Quiz noch nicht gespielt